NMR spectroscopy and stereoregularity of polimers

में बचाया:
ग्रंथसूची विवरण
मुख्य लेखक: Matsuzaki, Kei
स्वरूप: पुस्तक
भाषा:Undetermined
प्रकाशित: Tokyo Japan Scientific Societies Press 1996
विषय:
टैग : टैग जोड़ें
कोई टैग नहीं, इस रिकॉर्ड को टैग करने वाले पहले व्यक्ति बनें!
Thư viện lưu trữ: Trung tâm Học liệu Trường Đại học Cần Thơ
LEADER 00543nam a2200169Ia 4500
001 CTU_127348
008 210402s9999 xx 000 0 und d
082 |a 620.192 
082 |b M423 
100 |a Matsuzaki, Kei 
245 0 |a NMR spectroscopy and stereoregularity of polimers 
245 0 |c Kei Matsuzaki, Toshiyuki Uryu, Tetsuo Asakura 
260 |a Tokyo 
260 |b Japan Scientific Societies Press 
260 |c 1996 
650 |a NMR spectroscopy,Stereoregularity of polimers 
980 |a Trung tâm Học liệu Trường Đại học Cần Thơ